|
|
|
|
| LEADER |
00000nam0a2200000 4500 |
| 001 |
311116 |
| 005 |
20231102002344.0 |
| 035 |
|
|
|a (RuTPU)RU\TPU\book\336471
|
| 090 |
|
|
|a 311116
|
| 100 |
|
|
|a 20151202d1982 km y0rusy50 ca
|
| 101 |
0 |
|
|a rus
|
| 102 |
|
|
|a RU
|
| 105 |
|
|
|a a z 001zy
|
| 200 |
1 |
|
|a Эксплуатация скважин в осложненных условиях
|f О. В. Чубанов
|
| 210 |
|
|
|a Москва
|c Недра
|d 1982
|
| 215 |
|
|
|a 157 с.
|c ил.
|
| 320 |
|
|
|a Библиогр.: с. 144-145
|
| 606 |
1 |
|
|a Нефтяные скважины, глубокие
|x Эксплуатация
|2 stltpush
|3 (RuTPU)RU\TPU\subj\46164
|9 65349
|
| 610 |
1 |
|
|a осложненные условия
|
| 610 |
1 |
|
|a гидрозащита
|
| 610 |
1 |
|
|a гидравлические основы
|
| 610 |
1 |
|
|a режимы работы
|
| 610 |
1 |
|
|a дисперсные среды
|
| 610 |
1 |
|
|a откачка
|
| 610 |
1 |
|
|a штанговые насосы
|
| 610 |
1 |
|
|a ньютоновские жидкости
|
| 610 |
1 |
|
|a призабойные зоны
|
| 610 |
1 |
|
|a эффективность процесса
|
| 675 |
|
|
|a 622.276.5
|v 4
|
| 700 |
|
1 |
|a Чубанов
|b О. В.
|g Отто Викторович
|
| 801 |
|
1 |
|a RU
|b 63413507
|c 20151202
|
| 801 |
|
2 |
|a RU
|b 63413507
|c 20190925
|g RCR
|
| 942 |
|
|
|c BK
|